000 00769nam a2200193 i 4500
001 165513
003 ES-MaACL
005 20240208163317.0
008 970416s1887 sp |||| | spa d
040 _aCYL
_bspa
_cCYL
100 1 _aSolano y Torres, Bruno.
_9132797
245 1 0 _aDiscurso leido en el solemne acto de apertura del curso académico de 1887 á 1888 en la Universidad de Zaragoza /
_cpor Bruno Solano y Torres.
260 _aZaragoza :
_b[s.n],
_c1887 (
_fImprenta de C. Ariño)
300 _a70 p. ;
_c32 cm.
500 1 _aTit. del discurso: La química en el espacio.
710 2 1 _aUniversidad de Zaragoza
_97352
852 _aES-MaACL
_jT-448-F-10
_z-- Enc. hol., falto de la enc. original
_z-- Enc. en un vol. facticio
999 _c165513
_d165513